书目信息 |
| 题名: |
高校思想政治工作中的心理教育机制的构建研究
|
|
| 作者: | 邹泉 著 | |
| 分册: | ||
| 出版信息: | 沈阳 辽宁大学出版社有限责任公司 2019.07 |
|
| 页数: | 217页 | |
| 开本: | 24cm | |
| 丛书名: | ||
| 单 册: | ||
| 中图分类: | G641 , G647.9 | |
| 科图分类: | ||
| 主题词: | 高等学校--gao deng xue jiao--思想政治教育--研究--中国 , 大学生--da xue sheng--心理教育--研究--中国 | |
| 电子资源: | ||
| ISBN: | 978-7-5610-9544-7 | |
| 000 | 01168nam0 2200265 450 | |
| 001 | 0104125634 | |
| 005 | 20201104125713.0 | |
| 010 | @a978-7-5610-9544-7@dCNY50.00 | |
| 100 | @a20191219d2019 em y0chiy50 ea | |
| 101 | 0 | @achi |
| 102 | @aCN@b210000 | |
| 105 | @ay z 000yy | |
| 106 | @ar | |
| 200 | 1 | @a高校思想政治工作中的心理教育机制的构建研究@Agao xiao si xiang zheng zhi gong zuo zhong de xin li jiao yu ji zhi de gou jian yan jiu@f邹泉著 |
| 210 | @a沈阳@c辽宁大学出版社有限责任公司@d2019.07 | |
| 215 | @a217页@d24cm | |
| 300 | @a成都师范学院学术专著出版基金资助 | |
| 330 | @a本书聚焦高校思想政治工作中的心理教育机制的构建,对大学生心理素质教育模式的构建进行研究。基于大学生心理健康的现状,从大学生心理素质教育课程教学现状、高校思想政治工作与心理教育的融合研究、大学生心理素质培育、大学生心理危机预防干预、高校心理素质教育教师队伍的建设等方面进行剖析并提出合理化建议。 | |
| 606 | 0 | @a高等学校@Agao deng xue jiao@x思想政治教育@x研究@y中国 |
| 606 | 0 | @a大学生@Ada xue sheng@x心理教育@x研究@y中国 |
| 690 | @aG641@v5 | |
| 690 | @aG647.9@v5 | |
| 701 | 0 | @a邹泉@Azou quan@c(女)@4著 |
| 801 | 0 | @aCN@bBJSZM@c20201104 |
| 905 | @b1261246-50@dG641@e1893@f5 | |
| 高校思想政治工作中的心理教育机制的构建研究/邹泉著.-沈阳:辽宁大学出版社有限责任公司,2019.07 |
| 217页;24cm |
| 成都师范学院学术专著出版基金资助 |
| ISBN 978-7-5610-9544-7:CNY50.00 |
| 本书聚焦高校思想政治工作中的心理教育机制的构建,对大学生心理素质教育模式的构建进行研究。基于大学生心理健康的现状,从大学生心理素质教育课程教学现状、高校思想政治工作与心理教育的融合研究、大学生心理素质培育、大学生心理危机预防干预、高校心理素质教育教师队伍的建设等方面进行剖析并提出合理化建议。 |
| ● |
| 相关链接 |
|
|
|
|
正题名:高校思想政治工作中的心理教育机制的构建研究
索取号:G641/1893
 
预约/预借
| 序号 | 登录号 | 条形码 | 馆藏地/架位号 | 状态 | 备注 |
| 1 | 1261246 | 212612467 | 第一样本阅览室/ [索取号:G641/1893] | 在馆 | |
| 2 | 1261247 | 212612476 | 教育系资料室/ [索取号:G641/1893] | 在馆 | |
| 3 | 1261248 | 212612485 | 教育系资料室/ [索取号:G641/1893] | 在馆 | |
| 4 | 1261249 | 212612494 | 第四借阅区/ [索取号:G641/1893] | 在馆 | |
| 5 | 1261250 | 212612500 | 第四借阅区/ [索取号:G641/1893] | 在馆 |